Recherches sur la géographie systématique et positive des anciens (Record no. 154682)

MARC details
000 -LEADER
campo de control de longitud fija 00993nam a22002295i 4500
001 - NÚMERO DE CONTROL
campo de control 154682
003 - IDENTIFICADOR DE NÚMERO DE CONTROL
campo de control ES-MaACL
005 - FECHA Y HORA DE LA ÚLTIMA TRANSACCIÓN
campo de control 20250814065538.0
008 - DATOS DE LONGITUD FIJA--INFORMACIÓN GENERAL
campo de control de longitud fija 040715s1813 fr ab |||| | fre d
040 ## - FUENTE DE CATALOGACIÓN
Centro catalogador/agencia de origen CAM
Lengua de catalogación spa
Centro/agencia transcriptor CAM
100 1# - ENTRADA PRINCIPAL--NOMBRE DE PERSONA
Nombre de persona Gossellin, Pascal-François-Joseph.
9 (RLIN) 127491
245 10 - MENCIÓN DEL TÍTULO
Título Recherches sur la géographie systématique et positive des anciens
Resto del título : pour servir de base à l'histoire de la géographie ancienne /
Mención de responsabilidad, etc. par P.F.J. Gossellin... ; tome troisième.
260 ## - PUBLICACIÓN, DISTRIBUCIÓN, ETC.
Lugar de publicación, distribución, etc. A Paris :
Nombre del editor, distribuidor, etc. de l'Imprimerie Impériale,
Fecha de publicación, distribución, etc. 1813.
300 ## - DESCRIPCIÓN FÍSICA
Extensión [4], 355, [1] p., [9] h. de grab. pleg. ;
Dimensiones Fol.
595 ## -
-- Existe emisión con pie de imp.: A Paris : de l'Imprimérie de la République, chez de Bure Frères..., 1813.
597 ## - NOTA DE DESCRIPCIÓN FÍSICA
NOTA DE DESCRIPCIÓN FÍSICA Sign.: []\p2\s, A-Z\p4\s, 2A-2X\p4\s, 2Y\p2\s.
597 ## - NOTA DE DESCRIPCIÓN FÍSICA
NOTA DE DESCRIPCIÓN FÍSICA Antep.
599 ## - NOTA A LAS ILUSTRACIONES
NOTA A LAS ILUSTRACIONES Las h. de grab. calc. maps.
650 07 - PUNTO DE ACCESO ADICIONAL DE MATERIA--TÉRMINO DE MATERIA
Término de materia o nombre geográfico como elemento de entrada Geografía histórica
Fuente del encabezamiento o término embne
9 (RLIN) 136174
852 ## - LOCALIZACIÓN
Ubicación ES-MaACL
Número de control de estantería R-121(1)
Nota libre -- Enc. piel gofrada
Holdings
Estatus retirado Estado de pérdida Estado de daño No para préstamo Colección Biblioteca de origen Biblioteca actual Ubicación en estantería Fecha de adquisición Fuente de adquisición Total de préstamos Signatura topográfica completa Código de barras Visto por última vez Precio de reemplazo Tipo de ítem Koha
        Libros del s. XIX Biblioteca del Ateneo de Madrid Biblioteca del Ateneo de Madrid Depósito 17/01/2008     R-121(1) 1161786 23/02/2023 23/02/2023 Libro impreso antiguo